Loading...
| Auditory Arts | 5 | 10.00 | 80% | 20% | 0% |
| Beliefs | 11 | 15.45 | 100% | 55% | 0% |
| Current Events | 4 | 20.00 | 100% | 100% | 0% |
| Fine Arts - Other Arts | 7 | 14.29 | 100% | 43% | 0% |
| Geography | 1 | 20.00 | 100% | 100% | 0% |
| History - American | 4 | 12.50 | 100% | 25% | 0% |
| History - Ancient | 5 | 14.00 | 80% | 60% | 0% |
| History - European | 9 | 10.00 | 78% | 22% | 0% |
| History - Other | 3 | 20.00 | 100% | 100% | 0% |
| History - World | 5 | 12.00 | 100% | 20% | 0% |
| Literature - American | 8 | 21.25 | 100% | 100% | 13% |
| Literature - British | 5 | 18.00 | 80% | 100% | 0% |
| Literature - European | 3 | 20.00 | 100% | 33% | 67% |
| Literature - World | 6 | 18.33 | 100% | 67% | 17% |
| Other Academic | 1 | 10.00 | 100% | 0% | 0% |
| Philosophy | 2 | 15.00 | 50% | 0% | 100% |
| Science - Biology | 3 | 13.33 | 100% | 33% | 0% |
| Science - Chemistry | 2 | 5.00 | 50% | 0% | 0% |
| Science - Other | 4 | 7.50 | 25% | 50% | 0% |
| Science - Physics | 6 | 11.67 | 83% | 33% | 0% |
| Social Science | 7 | 10.00 | 86% | 14% | 0% |
| Visual Arts | 5 | 10.00 | 80% | 20% | 0% |